[Event "Gibraltar Chess Festival 2017 - Masters"]
[Site "Gibraltar ENG"]
[Date "2017.01.28"]
[Round "5.95"]
[White "Christophe-Hayot, Romain"]
[Black "Pinho, Paulo"]
[Result "0-1"]
[WhiteElo "1784"]
[BlackElo "2220"]
[PlyCount "88"]
[EventDate "2017.01.24"]
[EventType "swiss"]
[EventRounds "10"]
[EventCountry "ENG"]
[SourceTitle "Ajedrez en Madrid"]
[Source "lmi"]
[SourceDate "2017.01.24"]

1. e4 c5 2. Nf3 e6 3. g3 d6 4. Bg2 b6 5. O-O Bb7 6. d3 Nf6 7. Nc3 Be7 8. Re1
O-O 9. d4 cxd4 10. Nxd4 Qc8 11. Bg5 a6 12. Qd2 Nbd7 13. Nf3 b5 14. a3 Qc7 15.
Rad1 Rfd8 16. Bxf6 Nxf6 17. Qf4 Rac8 18. Re2 Qb8 19. Ne1 Rc4 20. Rd3 Qa8 21. b3
Rcc8 22. g4 Nd7 23. g5 Rc5 24. h4 Ne5 25. Rh3 Ng6 26. Qc1 Rdc8 27. Nd1 Nxh4 28.
f4 Nxg2 29. Rxg2 Bxe4 30. Rgh2 Bd8 31. Nf2 Bb6 32. Kf1 Bf5 33. Ng4 Qe4 34. Re2
Qxe2+ 35. Kxe2 Bxg4+ 36. Rf3 Rc3 37. Kf1 Bxf3 38. Qd2 d5 39. f5 Be4 40. f6 Rg3
41. Qf4 Rgc3 42. Qd6 R3c6 43. Qe7 Bc5 44. Qd7 R6c7 0-1

[Event "Gibraltar Chess Festival 2017 - Masters"]
[Site "Gibraltar ENG"]
[Date "2017.01.28"]
[Round "5.96"]
[White "Gluckman, David"]
[Black "Byrn, Carsten"]
[Result "1-0"]
[WhiteElo "2215"]
[BlackElo "2003"]
[PlyCount "55"]
[EventDate "2017.01.24"]
[EventType "swiss"]
[EventRounds "10"]
[EventCountry "ENG"]
[SourceTitle "Ajedrez en Madrid"]
[Source "lmi"]
[SourceDate "2017.01.24"]

1. e4 c5 2. Nf3 e6 3. d3 d5 4. Nbd2 Nc6 5. g3 Bd6 6. Bg2 Nge7 7. O-O O-O 8. Re1
Qc7 9. c3 Bd7 10. Nf1 f6 11. Ne3 d4 12. Nc4 e5 13. cxd4 cxd4 14. Nxd6 Qxd6 15.
Nh4 Be6 16. f4 Rac8 17. a3 Na5 18. Bd2 Nb3 19. Bb4 Qd7 20. Nf5 Bxf5 21. Qxb3+
Be6 22. Bh3 f5 23. Qd1 exf4 24. Bxe7 Qxe7 25. exf5 Qg5 26. fxe6 fxg3 27. e7
gxh2+ 28. Kh1 1-0

[Event "Gibraltar Chess Festival 2017 - Masters"]
[Site "Gibraltar ENG"]
[Date "2017.01.28"]
[Round "5.97"]
[White "Verneuil, Pascal"]
[Black "Amgalanbaatar, Ravdanlkhumbuu"]
[Result "0-1"]
[WhiteElo "2215"]
[BlackElo "1988"]
[PlyCount "66"]
[EventDate "2017.01.24"]
[EventType "swiss"]
[EventRounds "10"]
[EventCountry "ENG"]
[SourceTitle "Ajedrez en Madrid"]
[Source "lmi"]
[SourceDate "2017.01.24"]

1. e4 e6 2. d4 d5 3. e5 c5 4. Nf3 cxd4 5. Bd3 Nd7 6. O-O Ne7 7. Re1 Nc6 8. a3
Qc7 9. Bf4 h6 10. Bg3 g5 11. h3 Be7 12. c4 dxc3 13. Nxc3 Qb6 14. b4 a6 15. Na4
Qc7 16. Rc1 Nb6 17. Nc3 Qd8 18. b5 Na5 19. Nd4 Bxa3 20. Rb1 Bc5 21. Be2 Nac4
22. bxa6 bxa6 23. Bh5 Qe7 24. Nf5 exf5 25. Nxd5 Nxd5 26. Qxd5 O-O 27. Qxa8 f4
28. Bh2 Bxf2+ 29. Kxf2 Qc5+ 30. Kf1 Nd2+ 31. Ke2 Nxb1 32. Qf3 Qxe5+ 33. Kf2
Qd4+ 0-1

[Event "Gibraltar Chess Festival 2017 - Masters"]
[Site "Gibraltar ENG"]
[Date "2017.01.28"]
[Round "5.98"]
[White "Baert, Andy"]
[Black "Press, Shaun"]
[Result "1-0"]
[WhiteElo "2210"]
[BlackElo "1970"]
[PlyCount "91"]
[EventDate "2017.01.24"]
[EventType "swiss"]
[EventRounds "10"]
[EventCountry "ENG"]
[SourceTitle "Ajedrez en Madrid"]
[Source "lmi"]
[SourceDate "2017.01.24"]

1. c4 Nf6 2. d4 e6 3. Nc3 d5 4. Nf3 Be7 5. Bf4 c6 6. e3 O-O 7. Qc2 b6 8. b3 Bb7
9. Bd3 Nbd7 10. cxd5 exd5 11. Ne5 h6 12. O-O Nh5 13. Bh7+ Kh8 14. Bf5 Nxe5 15.
Bxe5 Nf6 16. Ne2 Bd6 17. Nf4 Re8 18. Nd3 Bc8 19. Bxc8 Rxc8 20. Bxd6 Qxd6 21.
Ne5 Qe6 22. Rac1 c5 23. Qd3 cxd4 24. exd4 Nd7 25. Rce1 Nxe5 26. dxe5 a5 27. f4
f5 28. Rc1 Rc5 29. Rc2 Rxc2 30. Qxc2 g5 31. fxg5 hxg5 32. Rxf5 Rc8 33. Qb1 Rc1+
34. Qxc1 Qxf5 35. Qb2 Kg8 36. h3 Qe4 37. Qc3 d4 38. Qc8+ Kf7 39. Qd7+ Kf8 40.
Qd8+ Kf7 41. Qf6+ Ke8 42. e6 Qe3+ 43. Kh2 Qf4+ 44. Qxf4 gxf4 45. Kg1 Ke7 46.
Kf1 1-0

[Event "Gibraltar Chess Festival 2017 - Masters"]
[Site "Gibraltar ENG"]
[Date "2017.01.28"]
[Round "5.99"]
[White "Osuna Vega, Enrique"]
[Black "Cramling Bellon, Anna"]
[Result "1/2-1/2"]
[WhiteElo "2181"]
[BlackElo "1954"]
[PlyCount "90"]
[EventDate "2017.01.24"]
[EventType "swiss"]
[EventRounds "10"]
[EventCountry "ENG"]
[SourceTitle "Ajedrez en Madrid"]
[Source "lmi"]
[SourceDate "2017.01.24"]

1. Nf3 d5 2. d4 c6 3. c4 e6 4. Nc3 dxc4 5. e3 b5 6. g3 Bb7 7. Bg2 Qc7 8. O-O
Nd7 9. e4 Ngf6 10. Re1 Be7 11. Bf4 Qb6 12. a4 a6 13. d5 Ng4 14. dxe6 Qxf2+ 15.
Kh1 Nc5 16. exf7+ Kf8 17. Ng5 Qxf4 18. gxf4 Nf2+ 19. Kg1 Nxd1 20. Rexd1 h6 21.
Nh3 Kxf7 22. e5 Rhd8 23. Ne2 Nd3 24. Rab1 g6 25. Nc3 Nc5 26. Nf2 Rxd1+ 27. Rxd1
Rd8 28. Rxd8 Bxd8 29. Nfe4 Be7 30. Nxc5 Bxc5+ 31. Kf1 Be3 32. axb5 axb5 33.
Nxb5 cxb5 34. Bxb7 Bxf4 35. Ba6 Bxe5 36. Bxb5 Bxb2 37. Bxc4+ Kf6 38. Kg2 Kg5
39. Bd3 Kh5 40. Bxg6+ Kxg6 41. h4 Kh5 42. Kh1 Kxh4 43. Kg2 Kg4 44. Kh1 h5 45.
Kg2 Be5 1/2-1/2

[Event "Gibraltar Chess Festival 2017 - Masters"]
[Site "Gibraltar ENG"]
[Date "2017.01.28"]
[Round "5.100"]
[White "Saravanan, V."]
[Black "Gluckman, Paul"]
[Result "1-0"]
[WhiteElo "2306"]
[BlackElo "1831"]
[PlyCount "69"]
[EventDate "2017.01.24"]
[EventType "swiss"]
[EventRounds "10"]
[EventCountry "ENG"]
[SourceTitle "Ajedrez en Madrid"]
[Source "lmi"]
[SourceDate "2017.01.24"]

1. Nf3 Nf6 2. c4 g6 3. Nc3 Bg7 4. e4 d6 5. d4 O-O 6. Be2 Nc6 7. d5 Ne5 8. Nxe5
dxe5 9. O-O Nd7 10. Be3 c6 11. Qd2 a5 12. Rad1 Qc7 13. f3 f5 14. exf5 gxf5 15.
f4 e4 16. c5 Nf6 17. Bc4 cxd5 18. Nxd5 Nxd5 19. Bxd5+ e6 20. Bc4 Kh8 21. Bd4
Rg8 22. Bxg7+ Qxg7 23. Qd4 a4 24. Qxg7+ Kxg7 25. Rd6 Kf6 26. Rfd1 Ra5 27. c6 b5
28. Bf1 Ke7 29. c7 Ra8 30. Rd8 Ba6 31. R1d7+ Kf6 32. Rxg8 Rxg8 33. Rd8 Kf7 34.
Bxb5 Bc8 35. Bd7 1-0

[Event "Gibraltar Chess Festival 2017 - Masters"]
[Site "Gibraltar ENG"]
[Date "2017.01.28"]
[Round "5.101"]
[White "Weisbuch, Udi"]
[Black "Fomani, Medhi"]
[Result "1-0"]
[WhiteElo "2240"]
[BlackElo "2042"]
[PlyCount "79"]
[EventDate "2017.01.24"]
[EventType "swiss"]
[EventRounds "10"]
[EventCountry "ENG"]
[SourceTitle "Ajedrez en Madrid"]
[Source "lmi"]
[SourceDate "2017.01.24"]

1. e4 c6 2. d4 d5 3. Nc3 dxe4 4. Nxe4 Bf5 5. Ng3 Bg6 6. h4 h6 7. Nf3 Nd7 8. h5
Bh7 9. Bd3 Bxd3 10. Qxd3 e6 11. Bf4 Ngf6 12. O-O-O Be7 13. Kb1 O-O 14. Ne4 Nxe4
15. Qxe4 Nf6 16. Qe2 Qd5 17. Ne5 Qe4 18. Qxe4 Nxe4 19. Rhe1 Nf6 20. g4 Rad8 21.
f3 c5 22. dxc5 Bxc5 23. c3 Nd5 24. Bc1 Bf2 25. Rf1 Be3 26. c4 Bxc1 27. cxd5 Bf4
28. dxe6 Bxe5 29. e7 Rc8 30. exf8=Q+ Kxf8 31. Rd5 f6 32. Rd7 f5 33. Rc1 Rb8 34.
Rc5 Ke8 35. Rd1 Bf6 36. Rxf5 Rc8 37. f4 Rc4 38. g5 hxg5 39. fxg5 Be7 40. Re1
1-0

[Event "Gibraltar Chess Festival 2017 - Masters"]
[Site "Gibraltar ENG"]
[Date "2017.01.28"]
[Round "5.102"]
[White "Odeh, Kenneth"]
[Black "Bopp, Thomas"]
[Result "0-1"]
[WhiteElo "1969"]
[BlackElo "2157"]
[PlyCount "106"]
[EventDate "2017.01.24"]
[EventType "swiss"]
[EventRounds "10"]
[EventCountry "ENG"]
[SourceTitle "Ajedrez en Madrid"]
[Source "lmi"]
[SourceDate "2017.01.24"]

1. e4 c6 2. d4 d5 3. Nc3 dxe4 4. Nxe4 Nf6 5. Ng3 g6 6. Nf3 Bg7 7. c3 a5 8. Bd3
O-O 9. h4 Bg4 10. Be2 Nbd7 11. Bd2 a4 12. Qc1 Nh5 13. Nxh5 Bxh5 14. Ng1 Bxe2
15. Nxe2 e5 16. h5 exd4 17. Nxd4 Ne5 18. Kf1 c5 19. Nf3 Qd3+ 20. Kg1 Nxf3+ 21.
gxf3 Qxf3 22. Bh6 Bxh6 23. Qxh6 Ra6 24. Qe3 Qd5 25. Rh3 Re6 26. Qf3 Qxf3 27.
Rxf3 Rd8 28. b4 cxb4 29. cxb4 Rd5 30. hxg6 hxg6 31. Rc1 Re7 32. Kg2 Kg7 33. Rc5
Rxc5 34. bxc5 Re2 35. Ra3 Re4 36. f3 Rc4 37. Kf2 Kf6 38. Ke3 Ke5 39. Kd2 Kd5
40. Re3 Kxc5 41. Re7 b5 42. Rxf7 Kb4 43. Rf6 Ka3 44. Rxg6 Kxa2 45. Kd3 Kb3 46.
Rg1 Rc3+ 47. Kd4 Rc4+ 48. Kd3 a3 49. Rb1+ Ka4 50. Ra1 Rc8 51. Rh1 a2 52. Rh7
Kb3 53. Rh1 Ra8 0-1

[Event "Gibraltar Chess Festival 2017 - Masters"]
[Site "Gibraltar ENG"]
[Date "2017.01.28"]
[Round "5.103"]
[White "Vanheirzeele, Daniel"]
[Black "Vilarnovo Caamano, Jose"]
[Result "1/2-1/2"]
[WhiteElo "2154"]
[BlackElo "2009"]
[PlyCount "36"]
[EventDate "2017.01.24"]
[EventType "swiss"]
[EventRounds "10"]
[EventCountry "ENG"]
[SourceTitle "Ajedrez en Madrid"]
[Source "lmi"]
[SourceDate "2017.01.24"]

1. d4 e6 2. e4 b6 3. Bd3 Bb7 4. Nf3 c5 5. c3 Nf6 6. Qe2 d5 7. e5 Nfd7 8. Ng5
Be7 9. f4 Nc6 10. Be3 c4 11. Bc2 g6 12. O-O Nf8 13. Rf3 b5 14. Nd2 Qa5 15. a4
b4 16. Bf2 b3 17. Bb1 Bxg5 18. fxg5 Nd8 1/2-1/2

[Event "Gibraltar Chess Festival 2017 - Masters"]
[Site "Gibraltar ENG"]
[Date "2017.01.28"]
[Round "5.104"]
[White "Roman Lopez, Jesus"]
[Black "Weeramantry, Sunil"]
[Result "0-1"]
[WhiteElo "1962"]
[BlackElo "2129"]
[PlyCount "92"]
[EventDate "2017.01.24"]
[EventType "swiss"]
[EventRounds "10"]
[EventCountry "ENG"]
[SourceTitle "Ajedrez en Madrid"]
[Source "lmi"]
[SourceDate "2017.01.24"]

1. e4 d6 2. d4 g6 3. Bc4 Bg7 4. Nf3 Nf6 5. Qe2 c6 6. Bb3 e5 7. dxe5 dxe5 8. O-O
Qe7 9. Bg5 h6 10. Bh4 Nbd7 11. Nbd2 O-O 12. Rad1 Nc5 13. h3 g5 14. Bg3 Nh5 15.
Rfe1 Nf4 16. Bxf4 gxf4 17. Kh2 Kh8 18. g4 Nxb3 19. cxb3 b5 20. Rg1 Bf6 21. Rc1
Bd7 22. Rg2 Rg8 23. Rh1 Rg7 24. Kg1 Qc5 25. Ne1 Rag8 26. Nd3 Qc2 27. Kh2 f3 28.
Qxf3 Bg5 29. Nf1 Bf4+ 30. Nxf4 exf4 31. Qxf4 Qxb2 32. f3 Qc3 33. Qxh6+ Rh7 34.
Qe3 Qe5+ 35. f4 Qe7 36. Qd4+ Rgg7 37. f5 c5 38. Qc3 Qxe4 39. Ng3 Qxg4 40. Kg1
Qd4+ 41. Qxd4 cxd4 42. Ne4 Rxg2+ 43. Kxg2 Bc6 44. Kf3 Rh4 45. Rc1 Bxe4+ 46. Kg3
Rh5 0-1

[Event "Gibraltar Chess Festival 2017 - Masters"]
[Site "Gibraltar ENG"]
[Date "2017.01.28"]
[Round "5.105"]
[White "Bendayan Claros, Aaron"]
[Black "Burke, Mitchell R"]
[Result "0-1"]
[WhiteElo "2128"]
[BlackElo "1975"]
[PlyCount "94"]
[EventDate "2017.01.24"]
[EventType "swiss"]
[EventRounds "10"]
[EventCountry "ENG"]
[SourceTitle "Ajedrez en Madrid"]
[Source "lmi"]
[SourceDate "2017.01.24"]

1. d4 g6 2. e4 Bg7 3. Nc3 c5 4. Nge2 cxd4 5. Nxd4 d6 6. Be2 Nf6 7. O-O O-O 8.
Bg5 Nc6 9. Nb3 Be6 10. Re1 Re8 11. Bf1 Rc8 12. Qd2 Ne5 13. Nd5 Bxd5 14. exd5
Qc7 15. c3 Nc4 16. Bxc4 Qxc4 17. Bxf6 Bxf6 18. f3 Qb5 19. Re4 a5 20. Rae1 a4
21. Rb4 Qa6 22. Nd4 Rc4 23. Ne2 Rxb4 24. cxb4 Rc8 25. Rc1 Rxc1+ 26. Nxc1 Qc4
27. g3 Qd4+ 28. Qxd4 Bxd4+ 29. Kf1 Bxb2 30. Nd3 Bd4 31. b5 e6 32. Ke2 Kf8 33.
Nf4 Ke7 34. Kd3 Bc5 35. Kc4 b6 36. Nd3 Kd7 37. Nb2 a3 38. Na4 Ke7 39. dxe6 fxe6
40. Nxc5 dxc5 41. Kb3 Kd6 42. Kxa3 Kd5 43. Kb3 Kd4 44. a4 c4+ 45. Kc2 Kc5 46.
Kc3 g5 47. h3 e5 0-1

[Event "Gibraltar Chess Festival 2017 - Masters"]
[Site "Gibraltar ENG"]
[Date "2017.01.28"]
[Round "5.106"]
[White "Green, Per"]
[Black "Whatley, Stephen A J"]
[Result "0-1"]
[WhiteElo "1956"]
[BlackElo "2127"]
[PlyCount "128"]
[EventDate "2017.01.24"]
[EventType "swiss"]
[EventRounds "10"]
[EventCountry "ENG"]
[SourceTitle "Ajedrez en Madrid"]
[Source "lmi"]
[SourceDate "2017.01.24"]

1. Nf3 f5 2. d4 Nf6 3. g3 g6 4. Bg2 Bg7 5. O-O O-O 6. b3 d6 7. Bb2 c6 8. Nbd2
Na6 9. c4 Nc7 10. Qc2 Kh8 11. e4 fxe4 12. Nxe4 Bf5 13. Nh4 Nxe4 14. Bxe4 Bxe4
15. Qxe4 Qd7 16. Rae1 Rae8 17. Qd3 g5 18. Ng2 d5 19. f4 dxc4 20. bxc4 c5 21.
Rd1 Rd8 22. fxg5 Rxf1+ 23. Qxf1 Ne6 24. Ne3 Bxd4 25. Bxd4+ Nxd4 26. Qf7 Qe6 27.
Qxe6 Nxe6 28. Rxd8+ Nxd8 29. Kf2 Nf7 30. h4 Ne5 31. Ke2 e6 32. g4 a6 33. a4 Ng6
34. Ng2 Ne5 35. Ne3 Kg7 36. Kd1 Kf7 37. Kc2 Ke7 38. Kc3 Kd6 39. h5 Ke7 40. Kc2
Kf7 41. Kc3 Nf3 42. Kd3 Nxg5 43. Ng2 Kf6 44. Ke3 Nf7 45. Kf4 e5+ 46. Ke4 Ke6
47. Ne3 Nd6+ 48. Kd3 Kf6 49. Ke2 Kg5 50. Kf3 e4+ 51. Kg3 b5 52. axb5 axb5 53.
cxb5 Nxb5 54. Nc4 h6 55. Ne5 Nd6 56. Ng6 c4 57. Nf4 c3 58. Nh3+ Kf6 59. g5+
hxg5 60. Ng1 c2 61. Ne2 Nc4 62. Kg4 Ne5+ 63. Kg3 Nd3 64. Kg4 c1=Q 0-1

[Event "Gibraltar Chess Festival 2017 - Masters"]
[Site "Gibraltar ENG"]
[Date "2017.01.28"]
[Round "5.107"]
[White "Byron, Alan M"]
[Black "Obiamiwe, Paul"]
[Result "1-0"]
[WhiteElo "2110"]
[BlackElo "1926"]
[PlyCount "93"]
[EventDate "2017.01.24"]
[EventType "swiss"]
[EventRounds "10"]
[EventCountry "ENG"]
[SourceTitle "Ajedrez en Madrid"]
[Source "lmi"]
[SourceDate "2017.01.24"]

1. e4 e5 2. Nf3 Nc6 3. Bb5 a6 4. Ba4 Nf6 5. O-O b5 6. Bb3 Be7 7. Re1 O-O 8. h3
d6 9. c3 Na5 10. Bc2 c5 11. d4 Qc7 12. Nbd2 Re8 13. Nf1 Bb7 14. d5 Bc8 15. Ng3
g6 16. b3 Nb7 17. Bh6 Bf8 18. Qd2 Bg7 19. Bxg7 Kxg7 20. Nh4 Ng8 21. f4 Qd8 22.
Nf3 f6 23. f5 Qe7 24. Nf1 gxf5 25. exf5 Kh8 26. g4 Qg7 27. Ng3 Qh6 28. Qg2 Ne7
29. Rad1 Rg8 30. g5 fxg5 31. Nh2 Qf8 32. Rf1 Qf7 33. Ng4 Rf8 34. Qd2 Ng8 35.
Qxg5 Qg7 36. Qh4 Nf6 37. Kh2 Bd7 38. Nh5 Nxh5 39. Qxh5 Be8 40. Qh4 Rf7 41. Nh6
Rf6 42. Ng4 Rf7 43. f6 Qf8 44. Nh6 Rc7 45. f7 Bxf7 46. Qf6+ Qg7 47. Nxf7+ 1-0

[Event "Gibraltar Chess Festival 2017 - Masters"]
[Site "Gibraltar ENG"]
[Date "2017.01.28"]
[Round "5.108"]
[White "Boerkamp, Harry"]
[Black "Haussernot, Cecile"]
[Result "0-1"]
[WhiteElo "1955"]
[BlackElo "2108"]
[PlyCount "56"]
[EventDate "2017.01.24"]
[EventType "swiss"]
[EventRounds "10"]
[EventCountry "ENG"]
[SourceTitle "Ajedrez en Madrid"]
[Source "lmi"]
[SourceDate "2017.01.24"]

1. e4 c5 2. d4 cxd4 3. c3 Nf6 4. e5 Nd5 5. Bc4 Nb6 6. Bb3 dxc3 7. Nxc3 e6 8.
Bf4 Nc6 9. Nf3 Be7 10. O-O O-O 11. Qe2 f5 12. Rfd1 Qe8 13. Nb5 Qh5 14. Bd2 g5
15. Bc3 g4 16. Nfd4 f4 17. Rd3 f3 18. Qe4 Bh4 19. gxf3 Bxf2+ 20. Kxf2 Qxh2+ 21.
Ke3 Nxe5 22. Rdd1 d5 23. Qc2 Nbc4+ 24. Bxc4 Nxc4+ 25. Kd3 Ne5+ 26. Ke3 Qf4+ 27.
Kf2 Nxf3 28. Nxf3 Qh2+ 0-1

[Event "Gibraltar Chess Festival 2017 - Masters"]
[Site "Gibraltar ENG"]
[Date "2017.01.28"]
[Round "5.109"]
[White "Seraoui, Mohcen"]
[Black "Miracola, Giorgia"]
[Result "1-0"]
[WhiteElo "2100"]
[BlackElo "1924"]
[PlyCount "51"]
[EventDate "2017.01.24"]
[EventType "swiss"]
[EventRounds "10"]
[EventCountry "ENG"]
[SourceTitle "Ajedrez en Madrid"]
[Source "lmi"]
[SourceDate "2017.01.24"]

1. e4 g6 2. Nf3 Bg7 3. Nc3 d6 4. d4 Nf6 5. h3 O-O 6. Be3 c6 7. a4 Qc7 8. a5
Nbd7 9. Be2 e5 10. dxe5 dxe5 11. O-O Rd8 12. Qb1 Nf8 13. Qa2 Be6 14. Qa4 h6 15.
Rfd1 N8d7 16. Rd2 g5 17. Bc4 b5 18. Bxb5 cxb5 19. Nxb5 Qb7 20. a6 Qb8 21. Qa5
Rc8 22. Nd6 Rc6 23. Qa3 Nb6 24. b3 Qc7 25. c4 Rd8 26. Nb5 1-0

[Event "Gibraltar Chess Festival 2017 - Masters"]
[Site "Gibraltar ENG"]
[Date "2017.01.28"]
[Round "5.110"]
[White "Compton, Alistair"]
[Black "Gamboa Alvarado, Olga Leticia"]
[Result "1/2-1/2"]
[WhiteElo "2094"]
[BlackElo "1913"]
[PlyCount "73"]
[EventDate "2017.01.24"]
[EventType "swiss"]
[EventRounds "10"]
[EventCountry "ENG"]
[SourceTitle "Ajedrez en Madrid"]
[Source "lmi"]
[SourceDate "2017.01.24"]

1. e4 d6 2. d4 g6 3. Be3 Bg7 4. Nc3 c6 5. Qd2 b5 6. a3 a6 7. h3 Nd7 8. Nf3 Qc7
9. Be2 Bb7 10. O-O Ngf6 11. b4 c5 12. e5 Ne4 13. Nxe4 Bxe4 14. exd6 exd6 15.
Rad1 cxb4 16. Qxb4 d5 17. Ng5 Bf8 18. Qd2 Nf6 19. Bf4 Bd6 20. Bxd6 Qxd6 21.
Rfe1 O-O 22. Bd3 Qxa3 23. Bxe4 Nxe4 24. Nxe4 dxe4 25. Rxe4 Rac8 26. Rde1 Qd6
27. R1e3 Rc4 28. c3 a5 29. Qa2 a4 30. Re5 Rfc8 31. Re8+ Rxe8 32. Rxe8+ Kg7 33.
Re3 Qc7 34. Qa3 b4 35. Qxa4 bxc3 36. Qc2 Rxd4 37. Qxc3 1/2-1/2

[Event "Gibraltar Chess Festival 2017 - Masters"]
[Site "Gibraltar ENG"]
[Date "2017.01.28"]
[Round "5.111"]
[White "Lochte, Thomas"]
[Black "Lochte, Szilvia"]
[Result "1-0"]
[WhiteElo "2070"]
[BlackElo "1829"]
[PlyCount "31"]
[EventDate "2017.01.24"]
[EventType "swiss"]
[EventRounds "10"]
[EventCountry "ENG"]
[SourceTitle "Ajedrez en Madrid"]
[Source "lmi"]
[SourceDate "2017.01.24"]

1. e4 c5 2. d4 cxd4 3. c3 d5 4. exd5 Qxd5 5. cxd4 e5 6. Nf3 exd4 7. Qxd4 Nf6 8.
Nc3 Qe6+ 9. Be3 Nc6 10. Bb5 Bd7 11. Bxc6 Bxc6 12. O-O-O Be7 13. Bg5 O-O 14.
Rhe1 Qf5 15. Rxe7 Bxf3 16. Re5 1-0

[Event "Gibraltar Chess Festival 2017 - Masters"]
[Site "Gibraltar ENG"]
[Date "2017.01.28"]
[Round "5.112"]
[White "Minnema, Rens"]
[Black "Kozarcanin, Sead"]
[Result "1/2-1/2"]
[WhiteElo "1893"]
[BlackElo "2069"]
[PlyCount "58"]
[EventDate "2017.01.24"]
[EventType "swiss"]
[EventRounds "10"]
[EventCountry "ENG"]
[SourceTitle "Ajedrez en Madrid"]
[Source "lmi"]
[SourceDate "2017.01.24"]

1. e4 e5 2. Nf3 Nc6 3. Bb5 a6 4. Ba4 d6 5. O-O g6 6. Bxc6+ bxc6 7. d4 exd4 8.
Qxd4 f6 9. Nc3 Be6 10. Be3 Bg7 11. Qa4 Qd7 12. Nd4 Ne7 13. Nxe6 Qxe6 14. Nd5
Qd7 15. Nxe7 Kxe7 16. f4 Rhb8 17. e5 Kf7 18. exf6 Bxf6 19. f5 gxf5 20. Bd4 Rb5
21. Bxf6 Kxf6 22. Qh4+ Kg7 23. Rae1 Re8 24. Qg5+ Kh8 25. Qf6+ Kg8 26. Qg5+ Kh8
27. Qf6+ Kg8 28. Qg5+ Kh8 29. Qf6+ Kg8 1/2-1/2

[Event "Gibraltar Chess Festival 2017 - Masters"]
[Site "Gibraltar ENG"]
[Date "2017.01.28"]
[Round "5.113"]
[White "Gravett, Alan D"]
[Black "Eagleton, Greg T"]
[Result "0-1"]
[WhiteElo "1820"]
[BlackElo "2055"]
[PlyCount "86"]
[EventDate "2017.01.24"]
[EventType "swiss"]
[EventRounds "10"]
[EventCountry "ENG"]
[SourceTitle "Ajedrez en Madrid"]
[Source "lmi"]
[SourceDate "2017.01.24"]

1. Nf3 Nf6 2. g3 g6 3. b4 Bg7 4. Bb2 O-O 5. Bg2 d6 6. O-O e5 7. d3 Nbd7 8. c4
a5 9. a3 Re8 10. Nbd2 Nh5 11. e4 Nb8 12. h3 c5 13. b5 Be6 14. Kh2 Bh6 15. Nb1
Nd7 16. Nc3 Nf8 17. a4 b6 18. Bc1 Bg7 19. Ra2 Ra7 20. Nh4 Bf6 21. Nf5 Ng7 22.
Nh6+ Kh8 23. Nd5 Bxd5 24. cxd5 Bg5 25. Bxg5 Qxg5 26. Ng4 f5 27. f4 exf4 28.
gxf4 Qh4 29. Ne3 Nh5 30. Qf3 fxe4 31. dxe4 Rf7 32. Qf2 Qxf4+ 33. Qxf4 Rxf4 34.
Rxf4 Nxf4 35. Bf3 Rd8 36. Nc4 Nd7 37. Nxd6 Ne5 38. Kg3 Nfd3 39. Be2 Rxd6 40.
Rd2 Rf6 41. Rxd3 Nxd3 42. Bxd3 Kg8 43. Bc4 Kf8 0-1

[Event "Gibraltar Chess Festival 2017 - Masters"]
[Site "Gibraltar ENG"]
[Date "2017.01.28"]
[Round "5.114"]
[White "Feldbacher, Harald"]
[Black "Bauer, Dieter"]
[Result "1-0"]
[WhiteElo "2050"]
[BlackElo "1772"]
[PlyCount "61"]
[EventDate "2017.01.24"]
[EventType "swiss"]
[EventRounds "10"]
[EventCountry "ENG"]
[SourceTitle "Ajedrez en Madrid"]
[Source "lmi"]
[SourceDate "2017.01.24"]

1. d4 Nf6 2. Nf3 d6 3. g3 g6 4. Bg2 Bg7 5. c4 O-O 6. O-O Nc6 7. Nc3 Rb8 8. e4
e5 9. d5 Ne7 10. b4 Kh8 11. Nd2 Nfg8 12. c5 Bh6 13. Nc4 Bxc1 14. Rxc1 f5 15. f3
f4 16. g4 h5 17. h3 hxg4 18. hxg4 a5 19. cxd6 cxd6 20. bxa5 Nf6 21. Rf2 Ne8 22.
Bf1 Rf7 23. Rh2+ Rh7 24. Rxh7+ Kxh7 25. Qe1 Kg7 26. Nb5 Bxg4 27. fxg4 Qd7 28.
Qh4 Nxd5 29. exd5 Qxb5 30. Qe7+ Kg8 31. Nxe5 1-0

[Event "Gibraltar Chess Festival 2017 - Masters"]
[Site "Gibraltar ENG"]
[Date "2017.01.28"]
[Round "5.115"]
[White "Day, Christopher"]
[Black "Carlsten, Peter"]
[Result "0-1"]
[WhiteElo "1760"]
[BlackElo "2047"]
[PlyCount "72"]
[EventDate "2017.01.24"]
[EventType "swiss"]
[EventRounds "10"]
[EventCountry "ENG"]
[SourceTitle "Ajedrez en Madrid"]
[Source "lmi"]
[SourceDate "2017.01.24"]

1. Nf3 f5 2. g3 Nf6 3. Bg2 g6 4. O-O Bg7 5. d4 O-O 6. b3 Ne4 7. Bb2 Nc6 8. c4
d6 9. Nbd2 e5 10. d5 Nxd2 11. Qxd2 Ne7 12. b4 h6 13. Rfd1 g5 14. c5 Ng6 15. Qc2
Bd7 16. Rac1 Rc8 17. Nd2 Qe8 18. Qb3 Ba4 19. Qa3 Bxd1 20. Rxd1 Qb5 21. e4 a5
22. exf5 axb4 23. Qf3 Ne7 24. cxd6 cxd6 25. Ne4 Nxf5 26. Bh3 Nd4 27. Qe3 Qe2
28. Be6+ Kh8 29. Rxd4 Qxe3 30. fxe3 exd4 31. Bxc8 Rxc8 32. Nxd6 Rc2 33. Bxd4
Bxd4 34. exd4 Rxa2 35. Nc4 b5 36. Ne5 b3 0-1

[Event "Gibraltar Chess Festival 2017 - Masters"]
[Site "Gibraltar ENG"]
[Date "2017.01.28"]
[Round "5.116"]
[White "Kandic, Milan"]
[Black "Lapusan, Razvan"]
[Result "1-0"]
[WhiteElo "2061"]
[BlackElo "1525"]
[PlyCount "101"]
[EventDate "2017.01.24"]
[EventType "swiss"]
[EventRounds "10"]
[EventCountry "ENG"]
[SourceTitle "Ajedrez en Madrid"]
[Source "lmi"]
[SourceDate "2017.01.24"]

1. e4 d5 2. d4 dxe4 3. Nc3 Nf6 4. Bc4 Bg4 5. Nge2 e6 6. O-O Bd6 7. Bg5 O-O 8.
Nxe4 Nbd7 9. Nxd6 cxd6 10. c3 Qc7 11. Bd3 a5 12. Qc2 a4 13. Ng3 e5 14. dxe5
dxe5 15. Bf5 a3 16. b3 Ra5 17. Bxg4 Nxg4 18. h3 Ngf6 19. c4 Ra6 20. Rac1 Rc8
21. Rfd1 h6 22. Be3 Rc6 23. Nf5 Nc5 24. Qe2 Ne8 25. Qg4 Kh7 26. Rd5 Ne6 27. Qh4
Nf4 28. Bxf4 exf4 29. Ne7 g5 30. Rxg5 Qxe7 31. Rg7+ Kxg7 32. Qxe7 Nd6 33. Qe5+
f6 34. Qxf4 Nf7 35. Rc3 Rc5 36. Qg4+ Kf8 37. Rf3 R8c6 38. Qd4 Kg7 39. Rxf6 Rxf6
40. Qxc5 Ra6 41. Qc7 Rd6 42. Qxb7 Rd2 43. Qa7 Rxa2 44. c5 Ra1+ 45. Kh2 a2 46.
c6 Kf8 47. c7 Rc1 48. Qxa2 Rxc7 49. b4 Ke7 50. b5 Kd8 51. b6 1-0

[Event "Gibraltar Chess Festival 2017 - Masters"]
[Site "Gibraltar ENG"]
[Date "2017.01.28"]
[Round "5.117"]
[White "Kuenitz, Klaus"]
[Black "Skou, Niels"]
[Result "0-1"]
[WhiteElo "1690"]
[BlackElo "2025"]
[PlyCount "54"]
[EventDate "2017.01.24"]
[EventType "swiss"]
[EventRounds "10"]
[EventCountry "ENG"]
[SourceTitle "Ajedrez en Madrid"]
[Source "lmi"]
[SourceDate "2017.01.24"]

1. d4 Nf6 2. c4 e6 3. Bg5 d5 4. cxd5 exd5 5. e3 Be7 6. Nc3 O-O 7. Bd3 Nbd7 8.
Nf3 Re8 9. O-O Nf8 10. Qc2 c6 11. Rab1 a5 12. a3 h6 13. Bh4 Ne4 14. Bxe7 Qxe7
15. b4 axb4 16. axb4 Ng6 17. Nd2 Nxd2 18. Qxd2 Nh4 19. Ne2 Bh3 20. Qc2 Bxg2 21.
Rfc1 Qg5 22. Ng3 Bh3 23. Bf1 Qg4 24. Qe2 Nf3+ 25. Kh1 Bxf1 26. Rxf1 Ra2 27. Qd1
Rd2 0-1